000 00623nam a2200241Ia 4500
003 0100
008 130303s9999 xx 000 0 und d
020 _a415222044
040 _cARRUPELIB
050 _aJA75.8.D632000
100 _aDobson, Andrew
245 _aGreen political thought
250 _a3rd.
260 _aLondon and New York
260 _bRoutledge
260 _C2000
300 _axii
300 _b 230p.22cm.
650 _bMzilikazi
650 _cNdebele (African people) --Kings and rulers --Biography Matabeleland --Kings and rulers --Biography
700 _aAndrew Dobson
942 0 0 _02
999 _c13746
_d13746